000 00949nam a2200253Ia 4500
003 OSt
005 20220923225335.0
006 a|||||r|||| 00| 0
007 ta
008 220922b |||||||| |||| 00| 0 hin d
024 _a263,697
037 _cTextual
040 _aARTS
_cARTS
_bhin
041 _2hin
_ahin
082 _aV2,32:91'N80, 152M0
100 _aसिंघवी, लक्ष्मीमल्ल
245 0 _aलोकसभा निर्वाचन 198
_b सर्वेक्षण एंव विश्लेषण
246 _aLokasabhā nirvāchan 1980: sarvekṣhaṇ eanva vishleṣhaṇa
260 _aदिल्ली
_b राजपाल एण्ड सन्ज
_c1980
300 _a371पृ.
_ccm.
650 _aविश्व-इतिहास
942 _hV2,32:91'N80, 152M0
_cTEXL
_2CC
999 _c377648
_d377648